| 000 | 00935nam a22002895a 4500 | ||
|---|---|---|---|
| 008 | 150826t1999 masa|||fr|||| 001 0 eng d | ||
| 010 | _a 2004266755 | ||
| 020 | _a9780201347395 | ||
| 020 | _a0201347393 | ||
| 040 |
_aEG-ScBuE _beng _cEG-ScBuE? |
||
| 082 | 0 | 4 |
_a330 _bLIP _222 |
| 100 | 1 |
_aLipsey, Richard G., _99041 |
|
| 245 | 1 | 0 |
_aEconomics / _cRichard G. Lipsey, Paul N. Courant, Christopher T.S. Ragan. |
| 250 | _a12th ed. | ||
| 260 |
_amassachusetts ; _bAddison-Wesley , _cc.1999. |
||
| 300 |
_a(Various pagings) : _bill. (col) ; _c26 cm. |
||
| 500 | _aDistributer: Dar Fathy Taha Mohamed Desouky. | ||
| 500 | _aIncludes Index. | ||
| 504 | _aIncludes bibliographical references. | ||
| 590 | _ayassmeen ashraf | ||
| 650 | 0 |
_aEconomics. _2BUEsh |
|
| 651 | _2BUEsh | ||
| 653 |
_bBUSECO _cAugust2015 |
||
| 700 | 1 |
_aCourant,Paul N. _d1946- |
|
| 700 | 1 |
_aRagan,Christopher T.S. _d1928- |
|
| 942 |
_cBB _k330 LIP _2ddc |
||
| 999 |
_c8990 _d8990 |
||